Nomme toutes les centrales à réservoirs d'Hydro-Québec - Statistiques

Statistiques générales
  • Ce quiz a été pris 6 fois
  • Le résultat moyen est 9 sur 22
Réponses sur la Carte
Les réponses sont colorées sur une échelle allant du rouge au vert en fonction du pourcentage des utilisateurs qui les ont devinées à leur premier essai. Vous pouvez retrouver ces pourcentages ci-dessous.
 
Statistiques - réponses
Réponse % Correct
Manic 5
100%
Bernard Landry
50%
Bersimis 1
50%
Eastmain 1
50%
Lac Robertson
50%
Laforge 1
50%
La Grande 2A
50%
La Grande 3
50%
La Grande 4
50%
Manic 5 PA
50%
Rapide-Blanc
50%
Robert Bourassa
50%
Romaine 2
50%
Romaine 3
50%
Romaine-4
50%
Sainte Marguerite 3
50%
Toulnustouc
50%
Brisay
0%
Hart-Jaune
0%
Mercier
0%
Outardes 4
0%
Rapide 7
0%
Aucun quiz correspondant
Distribution des résultats
% des personnes avec chaque résultat
Percentile par nombre de réponses
Votre historique - résultats
Vous n’avez pas pris ce quiz